| 000 | 00399nam a22001697a 4500 | ||
|---|---|---|---|
| 003 | MPLRDC | ||
| 005 | 20220104143347.0 | ||
| 008 | 210129b ||||| |||| 00| 0 eng d | ||
| 082 | _a859.6 YEGS v.1 c.2 | ||
| 100 | _a不详 | ||
| 245 |
_a渔翁与魔鬼 _c |
||
| 260 |
_a _b东阳出版社 _c1991 |
||
| 300 | _b平 | ||
| 490 | _a幼儿故事世界 | ||
| 650 | _a | ||
| 942 |
_cBK _o859.6 YEGS v.1 c.2 |
||
| 999 |
_c39142 _d39132 |
||